00558nam a2200205Ia 450000500170000000800410001702000150005808200210007310000140009424500260010826000340013430000120016865000100018065000190019065000170020965000080022694200060023495200970024099900150033720250217053127.0240331s9999 xx 000 0 und d a0241132711 bFRE21110a305.4 aFrench, M 4aThe War Against Women aLondonbHamish Hamiltonc1992 a229 p., aWomen aDiscrimination aCultural War aMen cL 001040708LaWERCLbWERCLcSSCd2024-03-31l0o 305.4 FREp1110r2024-03-31w2024-03-31yL c1723d1723